000 01776cam a2200337 i 4500
003 SA-RiAUC
005 20250107055551.0
008 250105s1987 qa g b 00010 ara c
040 _aSA-JeALM
_bara
_cSA-RiAUC
_erda
082 0 4 _a251.13
_qSA-RiAUC
090 _a251.13
_bا ب ن م
100 1 _aابن المنذر، محمد بن إبراهيم بن المنذر،
_d242-319 هجرى
_eمؤلف.
245 1 2 _aالإجماع /
_bيتضمن المسائل الفقهية المتفق عليها عند اكثر علماء المسلمين
_cابن المنذر ؛ تقديم ومراجعة عبد الله بن زيد آل محمود ؛ تحقيق ودراسة فؤاد عبد المنعم أحمد.
250 _aالطبعة الثالثة.
264 1 _aالدوحة :
_bمطبوعات رئاسة المحاكم الشرعية والشؤون الدينية،
_c1991
300 _a158 صفحة ؛
_c23 سم.
336 _aنص
_btxt
_2rdacontent
_3كتاب
337 _aبدون وسيط
_bn
_2rdamedia
338 _aمجلد
_bnc
_2rdacarrier
490 0 _aمن ذخائر التراث الاسلامي
500 _aيشتمل المسائل الفقهية المتفق عليها عند أكثر علماء المسلمين.
504 _aيشتمل على إرجاعات ببليوجرافية.
504 _aببليوجرافية : صفحة 133-154.
650 7 _aالإجماع (أصول فقه)
_2aucsh
650 7 _aالأدلة الشرعية
_2aucsh
650 7 _aأصول الفقه الإسلامي
_2aucsh
700 1 _aآل محمود، عبد الله بن زيد،
_d1329-1417 هجري
_eمقدم.
700 1 _aأحمد، فؤاد عبد المنعم،
_d1941-
_eمحقق.
942 _2ddc
_cBOOK
_n0
949 _aSA-JeALM
_d250105
_uosman123
_n1
999 _c4505
_d4505